00424nam a2200157Ia 4500003000500000008004100005020001800046040001900064082000700083100002300090245004000113246006000153260003300213300000800246546001200254STCL181203s9999 xx 000 0 und d a9780070587182 aSTCLbENcSTCL 222 aBalakrishnan, V.K. 0aTheory and Problems of Graph Theory aSchaum's Outline of Theory and Problems of Graph Theory bMcGraw HillaNew Delhic2015 a293 aEnglish